Eslabon Armado / Peso Pluma - Ella Baila Sola (Lyrics) - Statistics

General Stats
  • This quiz has been taken 225 times
  • The average score is 99 of 152
Answer Stats
Lyrics % Correct
a
99%
A
99%
Compa
99%
compa
99%
P
99%
La
97%
la
97%
qué
97%
que
97%
Que
97%
pa'
96%
Pa'
96%
me
95%
Me
95%
95%
Mi
95%
baila
94%
gusta
94%
sola
94%
le
93%
Le
93%
morra
93%
el
91%
esa
90%
Bella
89%
está
89%
bailando
87%
buena
87%
Ella
87%
ella
87%
sabe
86%
anda
85%
todo
85%
cómo
80%
como
80%
parece
80%
y
80%
Y
80%
un
76%
todos
73%
andan
70%
dije
70%
te
69%
mirándola
68%
acerco
64%
pero
64%
se
64%
tu
64%
verbo
64%
dijo
63%
familia
62%
solo
61%
va
61%
voy
59%
loco
58%
ni
58%
sin
58%
conquistar
57%
No
57%
yo
57%
en
56%
su
56%
Su
56%
tentación
56%
Tomamos
56%
mía
55%
tragos
55%
estoy
53%
muy
53%
de
52%
actúa
51%
días
51%
unos
51%
vato
51%
ningún
50%
ser
50%
vas
50%
tiro
48%
soy
46%
Doble
45%
peros
44%
Armado
43%
Eslabon
43%
modelo
43%
Cuerpo
42%
corazón
41%
mano
41%
tiene
39%
ojos
38%
Sus
38%
tan
38%
gusto
37%
las
37%
por
37%
Dios
36%
era
36%
hablando
36%
varo
36%
agarró
35%
juro
35%
al
34%
cinturita
34%
viejo
34%
pegadito
33%
perfecta
33%
cumplo
32%
del
32%
Puro
32%
fui
31%
pasar
30%
ahí
29%
plebitas
29%
pura
29%
mija
27%
Pedro
27%
Así
26%
desde
25%
principio
25%
creyó
24%
nomás
24%
enamoraron
22%
Cha-chau
20%
Peso
15%
No matching quizzes found
Score Distribution
Percent of People with Each Score
Percentile by Number Answered
Your Score History
You have not taken this quiz